Encyclopaedia Britannica / (Record no. 21373)
[ view plain ]
| 000 -LEADER | |
|---|---|
| fixed length control field | 01032cam a2200301 4500 |
| 001 - CONTROL NUMBER | |
| control field | 21373 |
| 003 - CONTROL NUMBER IDENTIFIER | |
| rucl marc code | BD-RjUL |
| 005 - DATE AND TIME OF LATEST TRANSACTION | |
| control field | 20211209000658.0 |
| 008 - FIXED-LENGTH DATA ELEMENTS--GENERAL INFORMATION | |
| fixed length control field | 140223s1973 ilua be 001 0 eng |
| 020 ## - INTERNATIONAL STANDARD BOOK NUMBER | |
| International Standard Book Number | 0852291736 |
| 035 ## - SYSTEM CONTROL NUMBER | |
| System control number | (OCoLC)ocm00564127 |
| System control number | (BD-RjUL)21437 |
| 040 ## - CATALOGING SOURCE | |
| Original cataloging agency | DLC |
| Transcribing agency | DLC |
| Modifying agency | OCL |
| -- | ZCU |
| -- | BD-RjUL |
| Language of cataloging | eng |
| 041 ## - LANGUAGE CODE | |
| Language code of text/sound track or separate title | eng |
| 082 ## - DEWEY DECIMAL CLASSIFICATION NUMBER | |
| Classification number | 032 |
| Author mark and year | ENC 1973 |
| 245 00 - TITLE STATEMENT | |
| Title | Encyclopaedia Britannica / |
| Statement of responsibility, etc. | Warren E. Preece...[et al.], ed. |
| Number of part/section of a work | Volume 2 : |
| Name of part/section of a work | ANT TO BALFE |
| 260 ## - PUBLICATION, DISTRIBUTION, ETC. (IMPRINT) | |
| Place of publication, distribution, etc. | Chicago, |
| Name of publisher, distributor, etc. | Encyclopaedia Britannica |
| Date of publication, distribution, etc. | c1973. |
| 300 ## - PHYSICAL DESCRIPTION | |
| Pagination | 1068 p. : |
| Illustrations | ill.; |
| Size | 29 cm. |
| 500 ## - GENERAL NOTE | |
| General note | "First Published in 1768 by a Society of Gentlemen in Scotland " |
| General note | Vol. [24]: Index and atlas. |
| General note | The fifteenth ed. (1974) published under title: The New encyclopaedia Britannica. |
| 504 ## - BIBLIOGRAPHY, ETC. NOTE | |
| Bibliography, etc | Includes bibliographies. |
| 650 #0 - SUBJECT ADDED ENTRY--TOPICAL TERM | |
| Topical term or geographic name as entry element | Encyclopedias and dictionaries. |
| 9 (RLIN) | 58517 |
| 700 ## - ADDED ENTRY--PERSONAL NAME | |
| Personal name | Preece, Warren E. ...[et al.], ed. |
| 942 ## - ADDED ENTRY ELEMENTS (KOHA) | |
| Source of classification or shelving scheme | Dewey Decimal Classification |
| Koha item type | Reference |
| Lost status | Source of classification or shelving scheme | Damaged status | Not for loan | Collection code | Permanent Location | Current Location | Shelving location | Date acquired | Source of acquisition | Cost, normal purchase price | Total Checkouts | Full call number | Date last seen | Copy number | Koha item type |
|---|---|---|---|---|---|---|---|---|---|---|---|---|---|---|---|
| Dewey Decimal Classification | Added to bundle | Reference | Central Library, University of Rajshahi | Central Library, University of Rajshahi | 26/07/1973 | Book Centre | 4482.00 | R 032 ENC V-2 1973 | 04/03/2014 | C-1 | Reference |